| 000 | 02054njm a2200457 c 4500 | ||
|---|---|---|---|
| 003 | BLK | ||
| 005 | 20250324092832.0 | ||
| 008 | 180410b bul||n||s|||||||| n|bulo| | ||
| 010 | _aCDD00000608000 | ||
| 040 | _aBLK | ||
| 041 |
_aDEU _cDEU |
||
| 080 |
_aОпера. Музикална драма. Романтична опера. Опера-приказка _b782.1 _x _z782.1 |
||
| 100 | 1 |
_aЩраус, Рихард _d1864 - 1949 _9144682 |
|
| 700 | 1 |
_aStrauss, Richard _925540 |
|
| 700 | 1 |
_aStaatskapelle Dresden _eизп. _9353385 |
|
| 700 | 1 |
_aHofmannsthal, Hugo von _eлибрето _913156 |
|
| 700 | 1 |
_aJanowitz, Gundula _eсопран _914024 |
|
| 700 | 1 |
_aKing, James _eтенор _9353670 |
|
| 700 | 1 |
_aZylis-Gara, Teresa _eсопран _928902 |
|
| 700 | 1 |
_aGeszty, Sylvia _eсопран _911062 |
|
| 700 | 1 |
_aPrey, Hermann _eбаритон _921711 |
|
| 700 | 1 |
_aDermota, Anton _eтенор _98374 |
|
| 700 | 1 |
_aSchreier, Peter _d1935 - 2019 _gТенор _eтенор _923826 |
|
| 700 | 1 |
_aAdam, Theo _d1926 - 2019 _gбас-баритон _93179 |
|
| 700 | 1 |
_aKempe, Rudolf _eдиригент _914912 |
|
| 139 |
_aЩраус, Рихард _bЩ 54 |
||
| 245 | 1 | 0 |
_aAriadne auf Naxos [CD аудио] _bCD 1-2 _cРихард Щраус; * Richard Strauss; изп. Staatskapelle Dresden; либрето Hugo von Hofmannsthal; сопран Gundula Janowitz; тенор James King; сопран Teresa Zylis-Gara; сопран Sylvia Geszty; баритон Hermann Prey; тенор Anton Dermota; тенор Peter Schreier; бас-баритон Theo Adam; диригент Rudolf Kempe. _nCD 1 |
| 257 | _aDEU | ||
| 260 |
_аS. l. _bEMI Classics _c2008 |
||
| 300 |
_c12 cm. _fбр. в к-т _g1 CD |
||
| 380 | _a7 | ||
| 650 | 4 |
_aОпери _9165041 |
|
| 653 | _aОпера | ||
| 760 | 1 |
_aЩраус, Рихард _h38мин. 28сек. _tCD 1 |
|
| 852 |
_aЦб CD 2075 _p0 |
||
| 856 | 4 |
_qpdf _u |
|
| 856 | 4 |
_qpdf _u |
|
| 942 |
_cCDD _n0 |
||
| 944 |
_aCR _c07.01.2009 _k30560 _lГеновева Генчева |
||
| 944 |
_aED _c07.01.2009 _k |
||
| 999 |
_c216802 _d216802 |
||